| 000 | 00406nam a2200157Ia 4500 | ||
|---|---|---|---|
| 005 | 20250612032646.0 | ||
| 008 | 240331s9999 xx 000 0 und d | ||
| 020 | _a9559562290 | ||
| 082 |
_bJAY _a320 |
||
| 100 | _aJayawardena, W | ||
| 245 | 0 | _aAda siyawasaka deshapalana satahan | |
| 260 |
_bEditor Publication _c1999 |
||
| 300 | _a321 | ||
| 500 | _aBook of Half a century of political notes | ||
| 942 | _cL | ||
| 999 |
_c2318 _d2318 |
||